| 000 | 00716nmc a2200277 a 4500 | ||
|---|---|---|---|
| 003 | AR-Y00000XR | ||
| 005 | 20251128211605.0 | ||
| 008 | 277020s1995 ||||||||||||||000 | spa|| | ||
| 020 | _a1-85326-435-0 | ||
| 040 | _cAR-Y00000XR | ||
| 100 | 1 | _aMarvell, Andrew | |
| 245 | 1 | 0 | _aThe works of Andrew Marvell |
| 260 |
_aHertfordshire _bWordsworth Editions _c1995 |
||
| 300 | 0 | _a196 p. | |
| 490 | 0 | _aWordsworth Poetry Library | |
| 650 | 4 | _aLITERATURA INGLESA | |
| 650 | 4 | _aPOESIA | |
| 650 | 4 | _aSATIRA | |
| 653 | 0 | _aPOESIA EROTICA | |
| 653 | 0 | _aPOESIA POLITICA | |
| 653 | 0 | _aCORRIENTES LITERARIAS | |
| 655 | _aLITERATURA | ||
| 700 | 1 |
_aCrozier, Andrew _eintroducción |
|
| 942 | _cBK | ||
| 998 | _cmi-desc | ||
| 999 |
_c20333 _d20333 |
||